Music Quiz

Random Music Quiz
Score 0/100 Timer 05:00
0 Plays Today
% Correct
Sick
60.5%
Ill
58.1%
Chill
58.1%
Dope
55.8%
It
53.5%
Swell
51.2%
Boss hog
48.8%
The tits
48.8%
Top dog
46.5%
Slick
41.9%
Got pogs
39.5%
Suave
39.5%
A real mean mugger
39.5%
Hip
37.2%
Loco
37.2%
A stone cold stunner
37.2%
A hit
34.9%
Smart
32.6%
Funner
32.6%
Golden
32.6%
Bold
32.6%
Smarter
32.6%
Hard
30.2%
Harder
30.2%
So slamming
27.9%
Shimmy shimmy cocopuffs
27.9%
A ten
27.9%
A gem
27.9%
Dumb
27.9%
Dumber
27.9%
Colder than the other side of my pillow
25.6%
The nerve
23.3%
The truth
23.3%
The brightest light
23.3%
% Correct
Nuts
23.3%
Hype
23.3%
Dashing
20.9%
The passion
20.9%
Peter Parker right after the spider bite
20.9%
Presence
18.6%
The King
18.6%
Class
18.6%
As raw as an open cut
16.3%
The creme de la creme de la creme de la creme
16.3%
The cash
16.3%
Mayor
16.3%
Shhh
16.3%
Essence
14%
Flashy
14%
The verve
14%
The proof
14%
The hypest
14%
So dynamite
14%
Hot as the underside of the cover in a Los Angeles summer
14%
A capital G
14%
With the best hair
14%
The President
14%
Watsky
14%
Brash
11.6%
Better than ever
11.6%
The baddest dude
11.6%
With the X Factor
11.6%
Cure
11.6%
Pizzazz
9.3%
Brazen
9.3%
Cool as a cucumber
9.3%
Eye of the tiger
9.3%
The cleanup hitter
9.3%
% Correct
The poison
9.3%
Gravitas
9.3%
A-lister
9.3%
Dragon slayer
9.3%
Governor
9.3%
Rare
9.3%
Pinache
7%
A little bit smug
7%
Hotter than a mug
7%
Pick of the litter
7%
The attitude
7%
Totally sure
7%
Full of allure
7%
Dropping the hammer
7%
The franchise player
7%
The heart of a lion
4.7%
The look of a thug
4.7%
A raconteur
4.7%
A swashbuckling debonaire
4.7%
The opposite of square and pompous
4.7%
Shaped with flair like a rhombus
4.7%
Confident
4.7%
Jaunty
4.7%
Awesomely saucy
4.7%
More props than Ghandi
4.7%
Got it on lock
4.7%
Rocks and moxie
4.7%
Rocking some brand new socksies
4.7%
The grittiest kid
4.7%
Smoother than butter
2.3%
Glammer
2.3%
A little bit cocky
2.3%

You're not logged in!

Compare scores with friends on all Sporcle quizzes.
OR
Log In

Sporcle TV

Today on Sporcle TV


Watch our educational content, quiz creation guides, and fun videos on Sporcle TV.

Show Comments

Extras

Created Sep 20, 2013ReportNominate
Tags:watsky

Top Quizzes Today


Score Distribution

Paid Content

Your Account Isn't Verified!

In order to create a playlist on Sporcle, you need to verify the email address you used during registration. Go to your Sporcle Settings to finish the process.

Report this User

Report this user for behavior that violates our Community Guidelines.

Details: